Statistics for Random trivia #8

Click here to take the quiz!

General Stats

  • This quiz has been taken 18 times
  • The average score is 3 of 7

Answer Stats

QuestionAnswer% Correct
President during the civil war?Abraham Lincoln
83%
Name of Istanbul long ago?Constantinople
61%
Country where the most populated city is?Japan
50%
What country has the most pyrimids?Sudan
33%
First country to take over Ancient Egypt?Greece / Greeks
22%
How long has the oldest wheel been around by years?5000
6%
Smallest mammal in the world?Bumblebee bat
6%

Score Distribution

Percentile by Number Answered

Percent of People with Each Score

Your Score History

You have not taken this quiz